La imposible voz. Memoria y representación de los campos de concentración en Chile: la posición del testigo.
Guardat en:
| Autor principal: | |
|---|---|
| Format: | Llibre |
| Idioma: | anglès |
| Publicat: |
Santiago, Chile:
Cuarto propio,
2005.
|
| Edició: | 1a. edición. |
| Col·lecció: | Ensayo.
|
| Matèries: | |
| Etiquetes: |
Afegir etiqueta
Sense etiquetes, Sigues el primer a etiquetar aquest registre!
|
MARC
| LEADER | 00000nam a22000007a 4500 | ||
|---|---|---|---|
| 003 | CL-VaPUC | ||
| 005 | 20241213123109.0 | ||
| 008 | 241125t2005 ||||| |||| 00| 0 eng d | ||
| 999 | |c 445907 |d 445905 | ||
| 020 | |a 956-260-349-0 | ||
| 040 | |c Pontificia Universidad Católica de Valparaíso | ||
| 082 | |2 22 |a 365.45 PER 2005 | ||
| 100 | |9 894166 |a Peris Blanes, Jaume |e autor | ||
| 245 | |a La imposible voz. |b Memoria y representación de los campos de concentración en Chile: la posición del testigo. | ||
| 250 | |a 1a. edición. | ||
| 260 | |a Santiago, Chile: |b Cuarto propio, |c 2005. | ||
| 300 | |a 344 páginas. | ||
| 490 | |a Ensayo. | ||
| 500 | |a c.1 Donación. Memo EDU. 14-11-2024. | ||
| 583 | |c 20241125 |k Yessy Sthefany Diaz Vidal | ||
| 600 | 0 | |a Pinochet Ugarte, Augusto, |e 1915-2006 |x Dictadura y violencia |z Chile |9 374419 | |
| 650 | 0 | |9 344322 |a Campos de concentración |v Aspectos filosóficos y sociales |y Siglo 20 |z Alemania y Chile | |
| 942 | |2 ddc |c BK | ||
| 952 | |0 0 |1 0 |2 ddc |4 0 |6 365_450000000000000_PER_2005 |7 0 |8 A |9 598232 |a BIBEDU |b BIBEDU |d 2024-11-25 |e Donación |i 5663414 |o 365.45 PER 2005 |p 5663414 |r 2024-11-25 |t 1 |w 2024-11-25 |y BK |k EDU | ||